Luv Resval - Jeune Vador - Statistiques

Statistiques générales
  • Ce quiz a été pris 10 fois
    8 depuis la dernière actualisation
  • Le résultat moyen est 198 sur 462
Statistiques - réponses
Intro % Correct
j...
80%
Je
80%
je
80%
jeune
80%
Jeune
80%
le
80%
suis
80%
suis,
80%
un
80%
Un
80%
va
80%
Vad' (Noir),
80%
Vad' (Wah)
80%
ce
60%
ces
60%
d'hésitation (Jeune Vador)
60%
d'hésitation (Jeune Vador) (Wah, wah)
60%
en
60%
et
60%
Et
60%
pour
60%
Te
60%
te
60%
t'es
60%
Vador,
60%
Vador
60%
Vador (Jeune Vador, jeune, noir)
60%
458
40%
a
40%
à
40%
Appelle
40%
après
40%
Arthur
40%
as
40%
attendri,
40%
au
40%
aura
40%
aux
40%
ballon
40%
bien
40%
bientôt
40%
blanche
40%
brandis,
40%
but
40%
Ça
40%
Cabrel
40%
carte
40%
cas
40%
cauchemar
40%
celui
40%
c'est
40%
C'est
40%
cherche
40%
coin
40%
comme
40%
Comment
40%
comment
40%
confisquer
40%
côté
40%
couler
40%
croire,
40%
d'Alucard
40%
Dans
40%
dans
40%
d'Autriche
40%
de
40%
Decepticons
40%
déception
40%
déchet
40%
découpe
40%
déjections
40%
de-mer,
40%
des
40%
dit,
40%
dragon
40%
du
40%
échos
40%
élections
40%
est
40%
étrange
40%
exception
40%
exister ?
40%
Faut
40%
Final
40%
flaques,
40%
folle,
40%
de
40%
force
40%
frotter
40%
fusil
40%
Gandhi,
40%
glisser
40%
Gogeta,
40%
grandit
40%
Griffith
40%
guitare,
40%
hypocrites,
40%
ils
40%
Ils
40%
ira
40%
Italia,
40%
j'ai
40%
J'ai
40%
J'arrive
40%
j'arrive,
40%
j'me
40%
jour
40%
j'sais
40%
J'suis
40%
j'suis
40%
J'te
40%
j'te
40%
j'vais
40%
J'y
40%
j'y
40%
la
40%
La
40%
40%
lac
40%
l'ancienne,
40%
l'aprèm'
40%
l'arc
40%
l'arme,
40%
l'armée
40%
Legolas,
40%
les
40%
lévitation,
40%
lévitation (Jeune Vador) (Wah, wah)
40%
l'impression
40%
l'or
40%
lucarne,
40%
lueur
40%
ma
40%
matin,
40%
mécréants
40%
méditation
40%
méditation (Jeune Vador)
40%
milieu
40%
minable
40%
mon
40%
Mon
40%
monde
40%
mort
40%
négro
40%
Noir,
40%
noir,
40%
noir
40%
noir (Jeune Vador)
40%
noir (Jeune Vador),
40%
n'veux
40%
on
40%
On
40%
ou
40%
part
40%
pas
40%
Pas
40%
passe
40%
pense
40%
peu
40%
peux
40%
planter
40%
pourraient
40%
pouvoir
40%
près
40%
présente
40%
p'tite
40%
qu'c'est
40%
qui
40%
Ramène
40%
Randi
40%
remplie
40%
Resval,
40%
risqué
40%
roi
40%
rue
40%
Sacem
40%
sang,
40%
sang
40%
sans
40%
seul
40%
seule
40%
Shinobi
40%
si
40%
siths,
40%
soir
40%
Superman
40%
sur
40%
ta
40%
t'abattre
40%
t'as
40%
T'as
40%
tel
40%
tire
40%
t'la
40%
Toi
40%
toi
40%
tout
40%
toute
40%
très
40%
trop
40%
tu
40%
vie
40%
vieilli,
40%
voir
40%
vois
40%
vole
40%
vont
40%
y
40%
Baïonette
20%
barrettes,
20%
berrys
20%
besoin
20%
boit
20%
Bouddha
20%
Buffy
20%
calfeutré
20%
Clark Kent,
20%
classement
20%
cognent
20%
c'qui
20%
dantesque,
20%
décès
20%
dix
20%
d'la
20%
d'renverser
20%
Fait
20%
fait
20%
flow
20%
foin
20%
fonce-dé,
20%
fond
20%
t'étrangle
20%
loin
20%
J'continue
20%
l'as
20%
l'cuppy
20%
leurs
20%
l'fusil,
20%
l'homme
20%
l'même
20%
loin
20%
l'sirop
20%
Luffy
20%
L.U.V
20%
M'attaquer
20%
mélo
20%
même
20%
menti
20%
millions
20%
Modrić,
20%
nan
20%
nous
20%
ondes
20%
patates
20%
péchés
20%
penderie
20%
pendrais,
20%
pister
20%
quand
20%
qu'moi,
20%
rabattre
20%
rentré
20%
reste
20%
retrait
20%
six
20%
Smaug
20%
smoke
20%
smoke (Jeune Vador, jeune Vador)
20%
soixante-dix
20%
sombre
20%
t'attendrais (Noir, noir, noir)
20%
t'avais
20%
t'envoie
20%
te-tê
20%
tête
20%
tête,
20%
ton
20%
t'ont
20%
tranches
20%
une
20%
vampires
20%
viendront
20%
wanted
20%
weed,
20%
Rantanplan
0%
Aucun quiz correspondant
Distribution des résultats
% des personnes avec chaque résultat
Percentile par nombre de réponses
Votre historique - résultats
Vous n’avez pas pris ce quiz depuis la dernière actualisation